Kvalita - trvalý rozvoj výnosovosti podniku

Význam kvality výrobkov ako zdroja výnosovosti podniku. Ekonomické súvzťažnosti kvality. Smery ekonomickej analýzy kvality. Vymedzenie kritérií kvality. Určenie náročnosti kritérií na kvalitu. Proces tvorby kvality výrobkov. Päť základných variantov stratégie kvality. Zložky podnikovej stratégie kva...

Full description

Saved in:
Bibliographic Details
Main Author: Leščišin, Michal
Format: Book Chapter
Language:Slovak
Subjects:
Tags: Add Tag
No Tags, Be the first to tag this record!

MARC

LEADER 00000naa a2200000 4500
001 r034098
005 20230809074902.6
041 0 |a slo 
044 |a SK 
245 1 0 |a Kvalita - trvalý rozvoj výnosovosti podniku  |c Michal Leščišin 
520 |a Význam kvality výrobkov ako zdroja výnosovosti podniku. Ekonomické súvzťažnosti kvality. Smery ekonomickej analýzy kvality. Vymedzenie kritérií kvality. Určenie náročnosti kritérií na kvalitu. Proces tvorby kvality výrobkov. Päť základných variantov stratégie kvality. Zložky podnikovej stratégie kvality. 
610 2 0 |a kvalita 
610 2 0 |a kvalita výrobkov 
610 2 0 |a výnosy podnikové 
610 2 0 |a stratégia podniková 
610 2 0 |a riadenie kvality 
610 2 0 |a certifikácia 
100 1 |a Leščišin, Michal